000 00249nam a22001217a 4500
020 _a0-7214-1725-6
082 _a823
_b823
100 _aBRI
245 _aFATHER CHRISTMAS
260 _aUK
_bLADYBIRD
650 _aENGLISH SHORT STORY
_zUK
942 _cBK
999 _c4525
_d4525